من الحريات إلى التحرر / (Record no. 14646)
[ view plain ]
| 000 -LEADER | |
|---|---|
| fixed length control field | 00676nam a22001697a 4500 |
| 008 - FIXED-LENGTH DATA ELEMENTS--GENERAL INFORMATION | |
| fixed length control field | 100808t xxu||||| |||| 00| 0 eng d |
| 082 ## - DEWEY DECIMAL CLASSIFICATION NUMBER | |
| Edition number | 22 |
| Classification number | 181.2 |
| Item number | ح ب ا |
| 100 1# - MAIN ENTRY--PERSONAL NAME | |
| 9 (RLIN) | 17301 |
| Personal name | الحبابى ، محمد عزيز |
| 245 ## - TITLE STATEMENT | |
| Title | من الحريات إلى التحرر / |
| Statement of responsibility, etc | محمد عزيز الحبابى |
| 260 ## - PUBLICATION, DISTRIBUTION, ETC. (IMPRINT) | |
| Place of publication, distribution, etc | القاهرة : |
| Name of publisher, distributor, etc | دار المعارف ، |
| Date of publication, distribution, etc | 1972. |
| 300 ## - PHYSICAL DESCRIPTION | |
| Extent | 238 ص ؛ |
| Other physical details | ايض : |
| Dimensions | 24 سم. |
| 490 ## - Series Statement | |
| -- | 16205 |
| Series statement | مكتبة الدراسات الفلسفية |
| 504 ## - BIBLIOGRAPHY, ETC. NOTE | |
| Bibliography, etc | يحتوى على إرجاعات ببليوجرافية |
| 541 ## - IMMEDIATE SOURCE OF ACQUISITION NOTE | |
| Source of acquisition | ألف باء ؛ |
| 650 ## - SUBJECT ADDED ENTRY--TOPICAL TERM | |
| 9 (RLIN) | 17306 |
| Topical term or geographic name as entry element | الفلسفة العربية |
| 942 ## - ADDED ENTRY ELEMENTS (KOHA) | |
| Source of classification or shelving scheme | Dewey Decimal Classification |
| Item type | Book - Borrowing |
| Withdrawn status | Item status | Source of classification or shelving scheme | Damaged status | Not for loan | Vendor | Home library | Current library | Shelving location | Date acquired | Source of acquisition | Total Checkouts | Full call number | Barcode | Date last seen | Koha item type |
|---|---|---|---|---|---|---|---|---|---|---|---|---|---|---|---|
| Dewey Decimal Classification | Alef-Baa | Central Library | Central Library | Lower Floor | 08/08/2010 | 181.2 ح ب ا | 000021687 | 15/07/2025 | Book - Borrowing |